Очистка подземных вод с помощью фильтровального комплекса; Энергетика: эффективность, надежность, безопасность; Т. 2
| Parent link: | Энергетика: эффективность, надежность, безопасность: материалы XX Всероссийской научно-технической конференции, 2-4 декабря 2014 г., Томск/ Национальный исследовательский Томский политехнический университет (ТПУ) [и др.] ; ред. кол. В. В. Литвак [и др.].— , 2014 Т. 2.— 2014.— [С. 188-192] |
|---|---|
| Autor corporatiu: | , , |
| Altres autors: | , , , , |
| Sumari: | Заглавие с титульного экрана |
| Idioma: | rus |
| Publicat: |
2014
|
| Col·lecció: | Экология и защита окружающей среды |
| Matèries: | |
| Accés en línia: | http://earchive.tpu.ru/handle/11683/25647 http://www.lib.tpu.ru/fulltext/c/2014/C15/V2/068.pdf |
| Format: | MixedMaterials Electrònic Capítol de llibre |
| KOHA link: | https://koha.lib.tpu.ru/cgi-bin/koha/opac-detail.pl?biblionumber=611023 |
MARC
| LEADER | 00000naa2a2200000 4500 | ||
|---|---|---|---|
| 001 | 611023 | ||
| 005 | 20250916113537.0 | ||
| 035 | |a (RuTPU)RU\TPU\conf\8665 | ||
| 035 | |a RU\TPU\conf\8656 | ||
| 090 | |a 611023 | ||
| 100 | |a 20150210d2014 k y0rusy50 ca | ||
| 101 | 0 | |a rus | |
| 102 | |a RU | ||
| 105 | |a y z 101zy | ||
| 135 | |a drcn ---uucaa | ||
| 181 | 0 | |a i | |
| 182 | 0 | |a b | |
| 200 | 1 | |a Очистка подземных вод с помощью фильтровального комплекса |f А. Р. Винокуров, О. А. Немцова, Д. В. Мартемьянов [и др.] | |
| 203 | |a Текст |c электронный | ||
| 225 | 1 | |a Экология и защита окружающей среды | |
| 300 | |a Заглавие с титульного экрана | ||
| 320 | |a [Библиогр.: с. 192 (6 назв.)] | ||
| 337 | |a Adobe Reader | ||
| 461 | 1 | |0 (RuTPU)RU\TPU\conf\8486 |t Энергетика: эффективность, надежность, безопасность |o материалы XX Всероссийской научно-технической конференции, 2-4 декабря 2014 г., Томск |o в 2 т. |f Национальный исследовательский Томский политехнический университет (ТПУ) [и др.] ; ред. кол. В. В. Литвак [и др.] |d 2014 | |
| 463 | 0 | |0 (RuTPU)RU\TPU\conf\8490 |t Т. 2 |v [С. 188-192] |d 2014 | |
| 610 | 1 | |a труды учёных ТПУ | |
| 610 | 1 | |a электронный ресурс | |
| 610 | 1 | |a вода | |
| 610 | 1 | |a подземные воды | |
| 610 | 1 | |a фильтровальные установки | |
| 610 | 1 | |a питьевая вода | |
| 610 | 1 | |a загрязнение | |
| 610 | 1 | |a очистка | |
| 701 | 1 | |a Винокуров |b А. Р. | |
| 701 | 1 | |a Немцова |b О. А. |c специалист в области экологии и безопасности жизнедеятельности |c ассистент кафедры Томского политехнического университета |f 1983- |g Ольга Александровна |3 (RuTPU)RU\TPU\pers\33498 | |
| 701 | 1 | |a Мартемьянов |b Д. В. |c химик |c инженер-исследователь Томского политехнического университета |f 1978- |g Дмитрий Владимирович |3 (RuTPU)RU\TPU\pers\30853 |9 15099 | |
| 701 | 1 | |a Мухортов |b Д. Н. |c физик |c инженер-исследователь Томского политехнического университета |f 1981- |g Денис Николаевич |3 (RuTPU)RU\TPU\pers\31200 | |
| 701 | 1 | |a Дозморов |b П. С. |c специалист в области нефтегазового дела |c аспирант Томского политехнического университета |f 1988- |g Павел Сергеевич |3 (RuTPU)RU\TPU\pers\30454 | |
| 712 | 0 | 2 | |a Национальный исследовательский Томский политехнический университет (ТПУ) |b Институт неразрушающего контроля (ИНК) |b Кафедра экологии и безопасности жизнедеятельности (ЭБЖ) |3 (RuTPU)RU\TPU\col\18720 |
| 712 | 0 | 2 | |a Национальный исследовательский Томский политехнический университет (ТПУ) |b Институт физики высоких технологий (ИФВТ) |b Лаборатория № 12 |3 (RuTPU)RU\TPU\col\19054 |
| 712 | 0 | 2 | |a Национальный исследовательский Томский политехнический университет (ТПУ) |b Институт природных ресурсов (ИПР) |b Кафедра геологии и разработки нефтяных месторождений (ГРНМ) |3 (RuTPU)RU\TPU\col\18657 |
| 801 | 2 | |a RU |b 63413507 |c 20210419 |g RCR | |
| 856 | 4 | |u http://earchive.tpu.ru/handle/11683/25647 | |
| 856 | 4 | |u http://www.lib.tpu.ru/fulltext/c/2014/C15/V2/068.pdf | |
| 942 | |c BK | ||